| 000 | 01035nam a2200289 i 4500 | ||
|---|---|---|---|
| 003 | DO-SdBNP | ||
| 005 | 20250220102830.0 | ||
| 007 | ta | ||
| 008 | 081112s2008 dr a 001 0 spa d | ||
| 020 | _a9789945067019 | ||
| 040 |
_aDO-SdBNP _bspa _cBNPHU _erda |
||
| 082 | 4 |
_a641.597293 _bR741c _222 |
|
| 100 | 1 |
_aRojo, Eugenia, _4aut. _eautor _9364 |
|
| 245 | 1 | 0 |
_aPara los amantes a la berenjena / _cEugenia Rojo |
| 264 | 4 |
_aSanto Domingo : _bEditora Serigraf, _c©2008. |
|
| 300 |
_a132 páginas : _bilustraciones ; _c19 cm. |
||
| 336 |
_atexto _btxt _2rdacontent |
||
| 337 |
_asin mediación _bn _2rdamedia |
||
| 338 |
_avolumen _bnc _2rdacarrier |
||
| 505 | 0 | _aAperitivos -- Arroz -- Bizcochos y postres -- Caldos y sandwich -- Carnes -- Ensaladas -- Granos -- Huevos y quesos -- Pescados y mariscos -- Pollo -- Vegetales -- Técnicas de cocina. | |
| 590 | _aInventariado, 2025/BT | ||
| 650 | 4 |
_aCocina dominicana _9192 |
|
| 650 | 4 |
_aPreparación de alimentos _9193 |
|
| 700 | _923177 | ||
| 910 | _aBtavárez | ||
| 942 |
_2ddc _cLBS1 |
||
| 999 |
_c58151 _d58151 |
||